Office management : (Record no. 92161)

MARC details
000 -LEADER
fixed length control field 00609nam a22002057a 4500
005 - DATE AND TIME OF LATEST TRANSACTION
control field 20150427125454.0
010 ## - LCCN (DPL NO)
LC control number ENG-112349
020 ## - INTERNATIONAL STANDARD BOOK NUMBER
International Standard Book Number 9788180548284 (v.1)
Terms of availability 350.00
020 ## - INTERNATIONAL STANDARD BOOK NUMBER
International Standard Book Number 8180548287
Terms of availability 350.00
035 ## - SYSTEM CONTROL NUMBER
System control number EN-95881
037 ## - SOURCE OF ACQUISITION
Source of stock number/acquisition DBAD/PUB
082 ## - DEWEY DECIMAL CLASSIFICATION NUMBER
Classification number 651.3
100 ## - MAIN ENTRY--PERSONAL NAME
Personal name Ghosh, Prasanta K.
245 ## - TITLE STATEMENT
Title Office management :
Statement of responsibility, etc by Prasanta K.Ghosh
Remainder of title principles and practice /
250 ## - EDITION STATEMENT
Edition statement 12th enl.ed
260 ## - PUBLICATION, DISTRIBUTION, ETC. (IMPRINT)
Place of publication, distribution, etc New Delhi
Name of publisher, distributor, etc Sultan Chand
Date of publication, distribution, etc 2015(repr.)
270 ## - ADDRESS
Address 23, Daryaganj,
City New Delhi
Postal code 110002
300 ## - PHYSICAL DESCRIPTION
Extent x, 468p.
Dimensions 24cm(pbk)
942 ## - ADDED ENTRY ELEMENTS (KOHA)
Source of classification or shelving scheme Dewey Decimal Classification
Item type English Books
Call number suffix GHO
Classification part 651.3
Holdings
Withdrawn status Lost status Not for loan Collection code Home library Current library Date acquired Source of acquisition Cost, normal purchase price Full call number Barcode Copy number Cost, replacement price Koha item type
    Not For Loan Non-fiction D.B.Act.Division D.B.Act.Division 10/03/2015 DBAD/PUB 350.00 651.3 GHO EN-95881 1 350.00 English Books

© Delhi Public Library
Hit Counter
free hit counter